| 000 | 00729nam a2200205 a 4500 | ||
|---|---|---|---|
| 001 | 000045076 | ||
| 005 | 20201002045846.0 | ||
| 008 | 150202s1991 it a 000 0 spa d | ||
| 020 | _a9253029129 | ||
| 040 |
_aDO-SdBNP _bspa _cBNPHU |
||
| 082 |
_axxxx _bxxxx |
||
| 245 | 0 | 0 | _aConservación de energía en las industrias mecánicas forestales. |
| 260 |
_aRoma, Italia : _bOrganización de las Naciones Unidas para la Agricultura y la Alimentación, _c1991. |
||
| 300 |
_axii, 129 p. : _bil., diagrs. ; _c30 cm. |
||
| 490 | 1 | _aCuadernos técnicos de la FAO | |
| 490 | 1 |
_aEstudio FAO Montes _v93 |
|
| 504 | _aBibliografía : 121-129 | ||
| 830 | 0 |
_aCuadernos técnicos de la FAO _973087 |
|
| 830 | 0 |
_aEstudio FAO Montes ; _n93 _973088 |
|
| 999 |
_c44565 _d44565 |
||